MARC details
| 000 -LEADER |
| campo de control de longitud fija |
01968nam a22002297a 4500 |
| 003 - IDENTIFICADOR DE NÚMERO DE CONTROL |
| campo de control |
CoMeUDC |
| 005 - FECHA Y HORA DE LA ÚLTIMA TRANSACCIÓN |
| campo de control |
20211030104907.0 |
| 008 - DATOS DE LONGITUD FIJA--INFORMACIÓN GENERAL |
| campo de control de longitud fija |
211030b ||||| |||| 00| 0 eng d |
| 040 ## - FUENTE DE CATALOGACIÓN |
| Centro/agencia transcriptor |
CO-UdeC |
| 082 ## - NÚMERO DE LA CLASIFICACIÓN DECIMAL DEWEY |
| Número de clasificación |
336.2 |
| Número de ítem |
C962 |
| 100 ## - ENTRADA PRINCIPAL--NOMBRE DE PERSONA |
| 9 (RLIN) |
1902 |
| Nombre de persona |
Cubides Pinto, Benjamín |
| 245 ## - MENCIÓN DEL TÍTULO |
| Título |
Normas y convenios para evitar la doble imposición internacional en el impuesto de renta y en el impuesto al patrimonio en Colombia / |
| Mención de responsabilidad, etc. |
Benjamín Cubides Pinto. |
| 260 ## - PUBLICACIÓN, DISTRIBUCIÓN, ETC. |
| Lugar de publicación, distribución, etc. |
Medellín : |
| Nombre del editor, distribuidor, etc. |
Centro de Estudios Tributarios de Antioquia, |
| Fecha de publicación, distribución, etc. |
2010. |
| 300 ## - DESCRIPCIÓN FÍSICA |
| Extensión |
310 p. : |
| Dimensiones |
24 cm. |
| 500 ## - NOTA GENERAL |
| Nota general |
Incluye el texto completo de los 5 convenios (España, Chile, Suiza, Canadá y México) y la Decisión CAN 578. |
| 504 ## - NOTA DE BIBLIOGRAFÍA, ETC. |
| Nota de bibliografía, etc. Nota |
Incluye bibliografía |
| 505 ## - NOTA DE CONTENIDO CON FORMATO |
| Nota de contenido con formato |
Origen del Modelo de Convenio de la OCDE y los modelos ONU y CAN -- La doble tributación -- Los convenios frente al fenómeno de la doble tributación -- Interpretación de los convenios -- Personas comprendidas por los convenios -- Impuestos comprendidos por los convenios -- Establecimiento permanente -- Rentas inmobiliarias -- Beneficios empresariales -- Rentas del transporte marítimo y y aéreo -- Tratamiento especial a empresas asociadas -- Tratamiento de los dividendos -- Tratamiento de los intereses -- Tratamiento de las regalías -- Ganancias de capital -- Rentas derivadas de un empleo -- Otras rentas -- Métodos para evitar la doble imposición -- Cláusulas antiabuso o antielusión -- Reglas para evitar la doble imposición en el impuesto al patrimonio a la luz de los Convenios -- Principio de no discriminación -- Procedimiento amistoso o de acuerdo mutuo -- Normas para evitar la doble imposición en el ámbito de la CAN. Decisión 578 de 2004 -- Texto de los convenios suscritos por Colombia -- Texto de la Decisión 578 de 2004 de la CAN. |
| 650 #0 - PUNTO DE ACCESO ADICIONAL DE MATERIA--TÉRMINO DE MATERIA |
| 9 (RLIN) |
399 |
| Término de materia o nombre geográfico como elemento de entrada |
Impuesto de renta. |
| Subdivisión geográfica |
Colombia. |
| 650 #0 - PUNTO DE ACCESO ADICIONAL DE MATERIA--TÉRMINO DE MATERIA |
| 9 (RLIN) |
1903 |
| Término de materia o nombre geográfico como elemento de entrada |
Doble imposición tributaria |
| 650 #0 - PUNTO DE ACCESO ADICIONAL DE MATERIA--TÉRMINO DE MATERIA |
| 9 (RLIN) |
266 |
| Término de materia o nombre geográfico como elemento de entrada |
Impuestos |
| Subdivisión geográfica |
Colombia |
| 942 ## - ELEMENTOS DE ENTRADA SECUNDARIOS (KOHA) |
| Fuente del sistema de clasificación o colocación |
Clasificación Decimal Dewey |
| Tipo de ítem Koha |
Libros |